| 000 | 00396cam a2200157ua 4500 | ||
|---|---|---|---|
| 041 |
_aeng _h |
||
| 082 |
_a828.09 _bBEN/FI |
||
| 100 | _aBennet, Joan . | ||
| 245 |
_aFive metaphysical poets / _cJoan Bennett. _hTextual Documents |
||
| 260 |
_aCambridge : _bCambridge University Press , _c1966. |
||
| 300 | _a151 ; . | ||
| 504 | _a | ||
| 942 | _cBK | ||
| 999 |
_c3980 _d3980 |
||